00000000nas 2200000zi 4500
0019.944908
003CaOODSP
00520250410151101
006m     o  d f      
007cr cn ||||||||
008241106d19681972oncar p o    f0    0fre|d
040 |aCaOODSP|bfre|erda|cCaOODSP
0410 |aeng|afre
043 |an-cn---
0861 |aNR1-1-PDF
1102 |aConseil national de recherches du Canada.|eauteur, |eorganisme de publication.
24510|aRapport du Président / |cConseil national de recherches du Canada.
24615|aReport of the President
264 1|aOttawa, Ont. : |bConseil national de recherches du Canada, |c[1968-1972]
310 |aAnnuel
336 |atexte|btxt|2rdacontent/fre
337 |ainformatique|bc|2rdamedia/fre
338 |aressource en ligne|bcr|2rdacarrier/fre
3621 |aParaît depuis : 1967/1968; ne paraît plus après : 1971/1972.
546 |aTexte en anglais et en français.
588 |aDescription d'après : 1967/1968; titre de la page de titre du fichier PDF.
588 |aDernière livraison consultée : 1971/1972.
61026|aConseil national de recherches du Canada|vPériodiques.
650 6|aRecherche|zCanada|vPériodiques.
650 6|aRecherche industrielle|zCanada|vPériodiques.
655 7|aPériodiques|2rvmgf
78000|t... annual report of the National Research Council of Canada.|w(CaOODSP)9.944368
78500|tReport of the President / |w(CaOODSP)9.944958
788 |tReport of the President / |eeng|w(CaOODSP)9.944909